[Event "101st ch-GBR 2014"]
[Site "Aberystwyth WLS"]
[Date "2014.07.20"]
[Round "2.9"]
[White "Kalaiyalahan, Akshaya"]
[Black "Ward, Chris G"]
[Result "0-1"]
[BlackTitle "GM"]
[WhiteElo "2016"]
[BlackElo "2422"]
[WhiteFideId "422894"]
[BlackFideId "400203"]
[EventDate "2014.07.19"]

1. Nf3 d5 2. g3 Nf6 3. Bg2 e6 4. O-O Be7 5. d4 O-O 6. c4 dxc4 7. Qc2 a6 8. Qxc4
b5 9. Qc2 Bb7 10. Bd2 Be4 11. Qc1 b4 12. Bf4 Nd5 13. Re1 Nxf4 14. Qxf4 Bb7 15.
Nbd2 Bd6 16. Qe3 Nd7 17. Qd3 Rb8 18. Nc4 Nf6 19. e4 Be7 20. Na5 Ba8 21. Ne5 Rb6
22. Qc4 c5 23. dxc5 Bxc5 24. Nb3 Be7 25. Rad1 Qc8 26. Qxc8 Rxc8 27. Nd2 Rd6 28.
Nec4 Rd4 29. b3 Rcd8 30. f3 Bc5 31. Kf1 Bc6 32. Ke2 Bb5 33. Nf1 Kf8 34. Ne3 Ke7
35. Bf1 h5 36. Rxd4 Rxd4 37. Rd1 h4 38. Rxd4 Bxd4 39. g4 g5 40. h3 Nd7 41. Kd3
Bc5 42. Kd2 Nb8 43. Ng2 Nc6 44. Ne1 Kf6 45. Nd3 Bxc4 46. bxc4 Bd4 47. Be2 a5 48.
Bd1 Ne5 49. Nxe5 Kxe5 50. Kd3 Bc5 51. Ba4 Kf4 52. Ke2 e5 53. Bd1 Kg3 0-1

[Event "101st ch-GBR 2014"]
[Site "Aberystwyth WLS"]
[Date "2014.07.21"]
[Round "3.2"]
[White "Pert, Nicholas"]
[Black "Fernandez, Daniel Howard"]
[Result "1/2-1/2"]
[WhiteTitle "GM"]
[BlackTitle "IM"]
[WhiteElo "2564"]
[BlackElo "2396"]
[WhiteFideId "403989"]
[BlackFideId "5801605"]
[EventDate "2014.07.19"]

1. d4 d5 2. Nf3 e6 3. c4 Ne7 4. Nc3 Nbc6 5. Bf4 Ng6 6. Bg3 Bd6 7. e3 O-O 8. Rc1
dxc4 9. Bxc4 b6 10. O-O Bb7 11. Qe2 a6 12. d5 exd5 13. Bxd5 Nge7 14. Rfd1 Qb8
15. Bxd6 cxd6 16. Be4 Rd8 17. Nd5 Nxd5 18. Bxd5 Ne5 19. h3 Bxd5 20. Rxd5 Nxf3+
21. Qxf3 Ra7 22. Rc6 Rad7 23. Qf4 Qb7 24. Rdxd6 Rxd6 25. Rxd6 Rxd6 26. Qxd6 h6
27. a4 Qe4 28. b4 Qc2 29. a5 bxa5 30. bxa5 Qe2 31. Qb6 g6 32. Qb8+ Kg7 33. Qe5+
Kg8 34. g3 Qc4 35. Qe8+ Kg7 36. Qd8 Qc1+ 37. Kg2 Qc6+ 38. Kh2 Qc2 39. Qd4+ Kg8
40. Kg2 h5 41. Qd5 Qe2 42. Qg5 Qd3 43. Qe5 Qe2 44. Qd5 Kg7 45. Qd4+ Kg8 46. g4
hxg4 47. hxg4 Qb5 48. Qd8+ Kg7 49. Qb6 Qe2 50. Kg3 g5 51. Qd4+ f6 52. Qd7+ Kg6
53. Kg2 Kh6 54. Qe6 Kg6 55. Qf5+ Kg7 56. Kg3 Qd1 57. Kg2 Qe2 58. Qd7+ Kh6 59.
Qc8 Qd1 60. e4 Qe2 61. Qf5 Kg7 62. e5 fxe5 63. Qxg5+ Kf7 64. Qf5+ Kg7 65. g5 e4
66. Kg3 Qe1 67. Qe5+ Kf7 68. Qf6+ Kg8 69. Qg6+ Kf8 70. Qb6 e3 71. Qxe3 Qxa5 72.
f4 Qb4 73. f5 a5 74. g6 Kg7 75. Qe5+ Kh6 76. Qe3+ Kg7 77. Qe5+ Kh6 78. Qf6 a4
79. g7+ Kh7 80. Qg6+ Kg8 81. f6 Qc3+ 82. Kf4 Qd4+ 83. Kf3 Qc3+ 84. Ke4 1/2-1/2